Kĩ thuật tính số cho các tensor green của hệ cấu trúc hình trụ = Numerical computation for tensor Green of the cylinder-system /

Sparad:
Bibliografiska uppgifter
Huvudupphovsman: Trần Minh Hiến.
Övriga upphovsmän: Hồ Trung Dũng., Nguyễn Dũng Chinh.
Materialtyp: Artikel
Språk:Vietnamese
Taggar: Lägg till en tagg
Inga taggar, Lägg till första taggen!
Thư viện lưu trữ: Thư viện Trường Đại học Đà Lạt
LEADER 00902nam a2200241 4500
001 DLU170180159
005 ##20170612
040 # # |a DLU  |b vie 
041 # # |a vie 
044 # # |a vn 
100 # # |a Trần Minh Hiến. 
245 # # |a Kĩ thuật tính số cho các tensor green của hệ cấu trúc hình trụ =  |b Numerical computation for tensor Green of the cylinder-system /  |c Trần Minh Hiến, Nguyễn Dũng Chinh, Hồ Trung Dũng. 
700 # # |a Hồ Trung Dũng. 
700 # # |a Nguyễn Dũng Chinh. 
773 # # |t Tạp chí Khoa học Đại học Sư phạm TP. Hồ Chí Minh: Khoa học tự nhiên   |g Số 5(70), 2015, tr. 45-54 
920 # # |a Phòng Tạp chí -- Trung tâm Thông tin - Thư viện Trường Đại học Đà Lạt 
900 # # |a True 
911 # # |a Hoàng Thị Huyền 
925 # # |a G 
926 # # |a A 
927 # # |a BB 
980 # # |a Thư viện Trường Đại học Đà Lạt